What's This World Coming To? / (Record no. 4926)

MARC details
000 -LEADER
fixed length control field 00445nam a22001697a 4500
003 - CONTROL NUMBER IDENTIFIER
control field GBCCL
005 - DATE AND TIME OF LATEST TRANSACTION
control field 20241126110529.0
008 - FIXED-LENGTH DATA ELEMENTS--GENERAL INFORMATION
fixed length control field 180215b ||||| |||| 00| 0 eng d
040 ## - CATALOGING SOURCE
Transcribing agency gbc
082 ## - DEWEY DECIMAL CLASSIFICATION NUMBER
Classification number 236
Item number BEN
100 ## - MAIN ENTRY--PERSONAL NAME
Personal name Benson, John L.
9 (RLIN) 8095
245 ## - TITLE STATEMENT
Title What's This World Coming To? /
Statement of responsibility, etc. John L. Benson
260 ## - PUBLICATION, DISTRIBUTION, ETC.
Place of publication, distribution, etc. Illinois:
Name of publisher, distributor, etc. Regular Baptist Press,
Date of publication, distribution, etc. 1979
300 ## - PHYSICAL DESCRIPTION
Extent 126 p.;
Dimensions 18 cm.
650 ## - SUBJECT ADDED ENTRY--TOPICAL TERM
Topical term or geographic name entry element Prophecy
9 (RLIN) 2353
942 ## - ADDED ENTRY ELEMENTS (KOHA)
Source of classification or shelving scheme Dewey Decimal Classification
Koha item type Books
Koha issues (borrowed), all copies 1
Holdings
Withdrawn status Lost status Source of classification or shelving scheme Damaged status Not for loan Home library Current Library Shelving location Date acquired Total checkouts Full call number Barcode Date last seen Date last checked out Copy number Price effective from Koha item type
    Dewey Decimal Classification     GRACE BIBLE COLLEGE GRACE BIBLE COLLEGE Theology 2018-02-15 1 236 BEN 005574 2025-05-01 2018-09-25 c.1 2018-02-15 Books
© Grace Bible College Library 2025